[Event "Moscow Aeroflot op-A"]
[Site "Moscow"]
[Date "2020.02.23"]
[Round "5"]
[White "Aleksandrov, Aleksej"]
[Black "Adhiban, Baskaran"]
[Result "1/2-1/2"]
[WhiteElo "2592"]
[BlackElo "2654"]
[PlyCount "25"]
[EventDate "2020.02.19"]
[EventType "swiss"]
[EventRounds "9"]
[EventCountry "RUS"]
[SourceTitle "CBM 195"]
[Source "ChessBase"]
[SourceDate "2020.04.30"]
[SourceVersion "1"]
[SourceVersionDate "2020.04.30"]
[SourceQuality "1"]

1. d4 d5 2. c4 e6 3. Nf3 c6 4. e3 Nd7 5. Bd3 Ngf6 6. O-O dxc4 7. Bxc4 Bd6 8.
Nbd2 O-O 9. Be2 c5 10. Nc4 Bc7 11. b3 b6 12. Bb2 Bb7 13. Rc1 1/2-1/2

[Event "Moscow Aeroflot op-A"]
[Site "Moscow"]
[Date "2020.02.23"]
[Round "5"]
[White "Antipov, Mikhail Al"]
[Black "Praggnanandhaa, Rameshbabu"]
[Result "1-0"]
[WhiteElo "2562"]
[BlackElo "2602"]
[PlyCount "77"]
[EventDate "2020.02.19"]
[EventType "swiss"]
[EventRounds "9"]
[EventCountry "RUS"]
[SourceTitle "CBM 195"]
[Source "ChessBase"]
[SourceDate "2020.04.30"]
[SourceVersion "1"]
[SourceVersionDate "2020.04.30"]
[SourceQuality "1"]

1. e4 e5 2. Nf3 Nc6 3. Bc4 Nf6 4. d3 Bc5 5. O-O d6 6. c3 O-O 7. Re1 h6 8. h3 a6
9. a4 a5 10. Nbd2 Be6 11. Ra2 Re8 12. b3 Bxc4 13. bxc4 Bb6 14. Nf1 Ne7 15. Nh4
Ng6 16. Nf5 Re6 17. Qf3 c6 18. Rb2 d5 19. Bd2 dxe4 20. dxe4 Nd7 21. Rd1 Nh4 22.
Nxh4 Qxh4 23. Be1 Rd8 24. Rxd7 Rxd7 25. Rxb6 Qe7 26. Rb3 Qc5 27. Ne3 g6 28. Qe2
Red6 29. Kh2 Kg7 30. Qb2 Re6 31. Bd2 Qd6 32. Bc1 Qd3 33. f3 f5 34. Rxb7 f4 35.
Nd5 Red6 36. c5 Qa6 37. Rb6 Qf1 38. cxd6 Qe1 39. Bxf4 1-0

[Event "Moscow Aeroflot op-A"]
[Site "Moscow"]
[Date "2020.02.23"]
[Round "5"]
[White "Aravindh, Chithambaram VR"]
[Black "Sanal, Vahap"]
[Result "1-0"]
[WhiteElo "2630"]
[BlackElo "2569"]
[PlyCount "81"]
[EventDate "2020.02.19"]
[EventType "swiss"]
[EventRounds "9"]
[EventCountry "RUS"]
[SourceTitle "CBM 195"]
[Source "ChessBase"]
[SourceDate "2020.04.30"]
[SourceVersion "1"]
[SourceVersionDate "2020.04.30"]
[SourceQuality "1"]

1. d4 d5 2. c4 c6 3. Nf3 Nf6 4. Nc3 e6 5. Qd3 dxc4 6. Qxc4 b5 7. Qd3 Be7 8. g3
Bb7 9. Bg2 Nbd7 10. Be3 a6 11. a4 b4 12. Ne4 Nxe4 13. Qxe4 Nf6 14. Qd3 Nd5 15.
O-O O-O 16. Rfc1 a5 17. Ne5 Rc8 18. Qb3 Rc7 19. f4 Qc8 20. Rc2 c5 21. Rac1 cxd4
22. Rxc7 Nxc7 23. Bxd4 Bxg2 24. Kxg2 Qb7+ 25. Qf3 Nd5 26. e4 Nb6 27. Nc6 Rc8
28. Nxe7+ Qxe7 29. Qe3 Nc4 30. Qd3 Nd6 31. Rxc8+ Nxc8 32. Qb5 Qd6 33. Qe8+ Qf8
34. Qd7 h6 35. Kf3 Kh7 36. b3 Kg6 37. Ke3 Kh7 38. Kd3 Qg8 39. Kc4 Qf8 40. Bc5
Qg8 41. Kb5 1-0

[Event "Moscow Aeroflot op-A"]
[Site "Moscow"]
[Date "2020.02.23"]
[Round "5"]
[White "Artemiev, Vladislav"]
[Black "Idani, Pouya"]
[Result "1/2-1/2"]
[WhiteElo "2728"]
[BlackElo "2577"]
[PlyCount "168"]
[EventDate "2020.02.19"]
[EventType "swiss"]
[EventRounds "9"]
[EventCountry "RUS"]
[SourceTitle "CBM 195"]
[Source "ChessBase"]
[SourceDate "2020.04.30"]
[SourceVersion "1"]
[SourceVersionDate "2020.04.30"]
[SourceQuality "1"]

1. Nf3 Nf6 2. g3 b5 3. Bg2 Bb7 4. O-O c5 5. Na3 b4 6. Nc4 d5 7. Nce5 Nbd7 8. c4
e6 9. d4 Be7 10. dxc5 Nxc5 11. a3 a5 12. Nd4 O-O 13. Ndc6 Qc7 14. Nxe7+ Qxe7
15. Be3 Rfd8 16. axb4 axb4 17. Rxa8 Bxa8 18. Qd4 Nfe4 19. cxd5 exd5 20. Nd3 Ne6
21. Qxb4 Qxb4 22. Nxb4 d4 23. Bc1 N4c5 24. Rd1 Nb3 25. Bd2 Bxg2 26. Kxg2 h6 27.
Nc6 Ra8 28. Bb4 Kh7 29. Ne5 f6 30. Nf3 Rc8 31. Ba3 g5 32. h3 Kg6 33. e3 dxe3
34. Rd3 Rc2 35. Rxe3 Ned4 36. Nxd4 Nxd4 37. Bb4 Nf5 38. Rb3 h5 39. Kf1 Rc1+ 40.
Kg2 Rc2 41. Ba5 g4 42. Bb6 Nd6 43. Rb4 Nc4 44. Bd4 Kf5 45. b3 Ne5 46. Rb6 Rd2
47. Rd6 gxh3+ 48. Kxh3 Ng4 49. Kg2 Nxf2 50. Rxf6+ Kg5 51. Be3+ Kxf6 52. Bxd2
Ne4 53. Be3 Ke5 54. Kf3 Nc3 55. Bg5 Ne4 56. Bh6 Kf5 57. Bf4 Nc3 58. Bc7 Nb5 59.
Bb6 Nc3 60. Bd8 Nb5 61. Ke3 Ke5 62. Bg5 Na3 63. Kd3 Kd5 64. Bd8 Nb5 65. Bf6 Ke6
66. Bb2 Kd5 67. Bc3 Nd6 68. Be1 Nb5 69. Bf2 Nd6 70. Ke3 Ke5 71. b4 Nc4+ 72. Kf3
Nd6 73. Bb6 Nb5 74. Ke3 Kd5 75. Bd8 Nd4 76. Ba5 Kc4 77. Ke4 Ne2 78. Kf3 Nd4+
79. Ke3 Nf5+ 80. Kf4 h4 81. g4 h3 82. Kf3 h2 83. Kg2 Ne3+ 84. Kxh2 Nxg4+
1/2-1/2

[Event "Moscow Aeroflot op-A"]
[Site "Moscow"]
[Date "2020.02.23"]
[Round "5"]
[White "Can, Emre"]
[Black "Asadli, Vugar Afgan Oglu"]
[Result "0-1"]
[WhiteElo "2600"]
[BlackElo "2538"]
[PlyCount "68"]
[EventDate "2020.02.19"]
[EventType "swiss"]
[EventRounds "9"]
[EventCountry "RUS"]
[SourceTitle "CBM 195"]
[Source "ChessBase"]
[SourceDate "2020.04.30"]
[SourceVersion "1"]
[SourceVersionDate "2020.04.30"]
[SourceQuality "1"]

1. d4 Nf6 2. c4 e6 3. g3 d5 4. Nf3 Bb4+ 5. Bd2 Be7 6. Bg2 c6 7. Qc2 b6 8. O-O
O-O 9. Rd1 Bb7 10. Bf4 Na6 11. a3 Rc8 12. Nc3 dxc4 13. Ne5 Nd5 14. Nxc4 Nxf4
15. gxf4 Nc7 16. e3 Nd5 17. b4 Qc7 18. Ne4 f5 19. Ng5 Bxg5 20. fxg5 f4 21. Bh3
Qe7 22. e4 f3 23. Kh1 Nf4 24. Bg4 Qxg5 25. Rg1 Qe7 26. Bxf3 c5 27. dxc5 bxc5
28. b5 Rcd8 29. Rg3 Nd3 30. Qe2 Qh4 31. Nd2 c4 32. Rag1 c3 33. Nb1 Rxf3 34.
Rxf3 Qxe4 0-1

[Event "Moscow Aeroflot op-A"]
[Site "Moscow"]
[Date "2020.02.23"]
[Round "5"]
[White "Chigaev, Maksim"]
[Black "Gokerkan, Cem Kaan"]
[Result "1/2-1/2"]
[WhiteElo "2616"]
[BlackElo "2461"]
[PlyCount "99"]
[EventDate "2020.02.19"]
[EventType "swiss"]
[EventRounds "9"]
[EventCountry "RUS"]
[SourceTitle "CBM 195"]
[Source "ChessBase"]
[SourceDate "2020.04.30"]
[SourceVersion "1"]
[SourceVersionDate "2020.04.30"]
[SourceQuality "1"]

1. e4 c5 2. Nf3 d6 3. d4 cxd4 4. Nxd4 Nf6 5. Nc3 g6 6. Be3 a6 7. a4 Bg7 8. Be2
O-O 9. O-O Nc6 10. Qd2 Bd7 11. Rfd1 Rc8 12. f3 Ne5 13. a5 Nc4 14. Bxc4 Rxc4 15.
Nde2 Rc8 16. Bb6 Qe8 17. Rac1 Bc6 18. b3 h5 19. Nd5 Bxd5 20. exd5 Qb5 21. Rb1
Kh7 22. c4 Qd7 23. Re1 Rfe8 24. Nd4 e5 25. dxe6 fxe6 26. Rbd1 d5 27. f4 dxc4
28. bxc4 Rxc4 29. Qe2 Qa4 30. Nxe6 Rc6 31. Ng5+ Kh6 32. Qf1 Rxe1 33. Qxe1 Ng4
34. h3 Rxb6 35. hxg4 Rb2 36. Nf7+ Kh7 37. Ng5+ Kh6 38. gxh5 Qxf4 39. Ne6 Qg4
40. Rd2 Rxd2 41. Qxd2+ Kh7 42. hxg6+ Kxg6 43. Nxg7 Kxg7 44. Qc3+ Kg6 45. Qd3+
Kg7 46. Qc3+ Kg6 47. Qc2+ Kf6 48. Qb2+ Kf5 49. Qb1+ Kg5 50. Qxb7 1/2-1/2

[Event "Moscow Aeroflot op-A"]
[Site "Moscow"]
[Date "2020.02.23"]
[Round "5"]
[White "Deac, Bogdan Daniel"]
[Black "Aryan, Chopra"]
[Result "1/2-1/2"]
[WhiteElo "2626"]
[BlackElo "2562"]
[PlyCount "113"]
[EventDate "2020.02.19"]
[EventType "swiss"]
[EventRounds "9"]
[EventCountry "RUS"]
[SourceTitle "CBM 195"]
[Source "ChessBase"]
[SourceDate "2020.04.30"]
[SourceVersion "1"]
[SourceVersionDate "2020.04.30"]
[SourceQuality "1"]

1. c4 Nf6 2. Nc3 c5 3. Nf3 d5 4. cxd5 Nxd5 5. e3 Nxc3 6. dxc3 Qxd1+ 7. Kxd1 Nc6
8. e4 Bd7 9. Be3 e6 10. Nd2 Be7 11. f4 O-O-O 12. Kc2 h6 13. Bd3 e5 14. g3 exf4
15. gxf4 g5 16. Raf1 gxf4 17. Bxf4 Bh3 18. Rf2 Bh4 19. Bg3 Bxg3 20. hxg3 Be6
21. Rh5 b6 22. Rf6 Kc7 23. b3 Rd7 24. Bc4 Rhd8 25. Rf2 Re8 26. Bd5 Nd8 27. Rf6
Rg8 28. Nf1 Re7 29. Kd2 Rd7 30. Rfxh6 f5 31. Rh7 fxe4 32. Rxd7+ Kxd7 33. Bxe4
Nf7 34. c4 Kd6 35. Bd5 Bxd5 36. Rxd5+ Ke6 37. Rh5 Nd6 38. Ke2 Ne4 39. Kf3 Nc3
40. Rh7 Ra8 41. a4 Rf8+ 42. Kg2 Ne4 43. Rxa7 Rf2+ 44. Kg1 Rb2 45. Rb7 Rxb3 46.
a5 Nxg3 47. Rxb6+ Rxb6 48. axb6 Ne2+ 49. Kf2 Nd4 50. b7 Nc6 51. Nd2 Kd6 52.
Ne4+ Kc7 53. Nxc5 Na5 54. Ne6+ Kxb7 55. c5 Nb3 56. Ke3 Nxc5 57. Nxc5+ 1/2-1/2

[Event "Moscow Aeroflot op-A"]
[Site "Moscow"]
[Date "2020.02.23"]
[Round "5"]
[White "Gadimbayli, Abdulla Azar"]
[Black "Kovalevskaya, Ekaterina"]
[Result "1-0"]
[WhiteElo "2460"]
[BlackElo "2407"]
[PlyCount "135"]
[EventDate "2020.02.19"]
[EventType "swiss"]
[EventRounds "9"]
[EventCountry "RUS"]
[SourceTitle "CBM 195"]
[Source "ChessBase"]
[SourceDate "2020.04.30"]
[SourceVersion "1"]
[SourceVersionDate "2020.04.30"]
[SourceQuality "1"]

1. e4 c5 2. Nf3 Nc6 3. Bb5 g6 4. Bxc6 bxc6 5. d4 cxd4 6. Qxd4 f6 7. Qa4 Nh6 8.
O-O Bg7 9. c4 c5 10. Be3 O-O 11. Bxc5 d6 12. Ba3 f5 13. Nbd2 Bd7 14. Qc2 Qa5
15. Rfe1 Rac8 16. Qd3 Nf7 17. Rac1 fxe4 18. Qxe4 Ne5 19. Nxe5 Bxe5 20. Nb3 Qd8
21. c5 Bf5 22. Qa4 Rf7 23. cxd6 Rxc1 24. Nxc1 exd6 25. Bxd6 Qxd6 26. Qe8+ Kg7
27. Qxe5+ Qxe5 28. Rxe5 Rc7 29. Nb3 Bb1 30. a3 Rb7 31. Nc5 Rxb2 32. h3 Rc2 33.
a4 Rc4 34. a5 Bf5 35. g4 Kf6 36. Rd5 Be6 37. Nxe6 Kxe6 38. Rb5 Rc7 39. Kg2 Kd6
40. f4 Rc2+ 41. Kg3 Ra2 42. Kh4 Ra3 43. Rb7 Rxa5 44. Rxh7 Ke6 45. Rb7 Kf6 46.
g5+ Kf5 47. Rf7+ Ke4 48. Rf6 Ra1 49. Rxg6 Kxf4 50. Rf6+ Ke5 51. Rf8 a5 52. Kh5
a4 53. Ra8 a3 54. Kg6 a2 55. h4 Rh1 56. Rxa2 Rxh4 57. Re2+ Kd6 58. Kf6 Rf4+ 59.
Kg7 Rh4 60. g6 Kd7 61. Kf7 Rf4+ 62. Kg8 Rh4 63. g7 Rh1 64. Re4 Kd6 65. Kf7 Rf1+
66. Kg6 Rg1+ 67. Kf6 Kd7 68. Re5 1-0

[Event "Moscow Aeroflot op-A"]
[Site "Moscow"]
[Date "2020.02.23"]
[Round "5"]
[White "Grigoriants, Sergey"]
[Black "Shtembuliak, Evgeny"]
[Result "1/2-1/2"]
[WhiteElo "2539"]
[BlackElo "2628"]
[PlyCount "100"]
[EventDate "2020.02.19"]
[EventType "swiss"]
[EventRounds "9"]
[EventCountry "RUS"]
[SourceTitle "CBM 195"]
[Source "ChessBase"]
[SourceDate "2020.04.30"]
[SourceVersion "1"]
[SourceVersionDate "2020.04.30"]
[SourceQuality "1"]

1. e4 d6 2. d4 g6 3. Nf3 Nf6 4. Nc3 Bg7 5. Be2 O-O 6. O-O a6 7. Re1 Nc6 8. h3
e6 9. Bf4 b5 10. a3 Bb7 11. Qd2 Ne7 12. Bf1 c5 13. dxc5 dxc5 14. Bd6 Rc8 15.
Rad1 Ne8 16. Be5 Qxd2 17. Rxd2 Nf6 18. Bd6 Rfe8 19. e5 Nfd5 20. Ne4 c4 21. Nc5
Ba8 22. Nd4 Nc6 23. Nxc6 Rxc6 24. Ne4 Rd8 25. Be7 Rd7 26. Bf6 Rcc7 27. Bxg7
Kxg7 28. c3 Kf8 29. g3 Nb6 30. Nd6 Rc5 31. f4 Rd5 32. Red1 Na4 33. Bg2 Rxd2 34.
Rxd2 Bxg2 35. Kxg2 Ke7 36. Kf3 Rc7 37. Ne4 Rd7 38. Nd6 h6 39. Nc8+ Kd8 40. Nd6
Kc7 41. Ke3 Kc6 42. h4 Nc5 43. Rh2 f6 44. Rd2 h5 45. a4 f5 46. axb5+ axb5 47.
Rd4 Nb3 48. Rd1 Nc5 49. Rd4 Nb3 50. Rd1 Nc5 1/2-1/2

[Event "Moscow Aeroflot op-A"]
[Site "Moscow"]
[Date "2020.02.23"]
[Round "5"]
[White "Karthik, Venkataraman"]
[Black "Makarian, Rudik"]
[Result "1-0"]
[WhiteElo "2483"]
[BlackElo "2414"]
[PlyCount "105"]
[EventDate "2020.02.19"]
[EventType "swiss"]
[EventRounds "9"]
[EventCountry "RUS"]
[SourceTitle "CBM 195"]
[Source "ChessBase"]
[SourceDate "2020.04.30"]
[SourceVersion "1"]
[SourceVersionDate "2020.04.30"]
[SourceQuality "1"]

1. e4 e5 2. Nc3 Nc6 3. Bc4 Bc5 4. d3 d6 5. Nf3 Nf6 6. h3 h6 7. Na4 Bb6 8. O-O
Na5 9. Bb3 O-O 10. Nxb6 axb6 11. Be3 Nxb3 12. axb3 Rxa1 13. Qxa1 Bd7 14. Qa7
Bc6 15. c4 Nd7 16. b4 b5 17. cxb5 Bxb5 18. Qxb7 Qb8 19. Qd5 Nf6 20. Qb3 Qa8 21.
Rc1 c6 22. Nh4 d5 23. Bc5 Re8 24. Nf5 Qa6 25. Nd6 Re6 26. Qd1 Bxd3 27. Ra1 Be2
28. Rxa6 Bxd1 29. Rxc6 Nxe4 30. Rc8+ Kh7 31. Nxe4 dxe4 32. b5 Bb3 33. b6 Bd5
34. Rd8 Bc6 35. b4 e3 36. Bxe3 Re7 37. Bc5 Rb7 38. f3 f6 39. Kf2 Kg6 40. Ke3
Kf7 41. Rd6 Bd7 42. Ke4 Be6 43. Rd8 Bc4 44. Rc8 Rd7 45. Bd6 Ba6 46. Rc6 Bb7 47.
Kd5 f5 48. Kc5 e4 49. fxe4 fxe4 50. Rc7 Ke6 51. Rxb7 Rxb7 52. Bc7 Kd7 53. Kd4
1-0

[Event "Moscow Aeroflot op-A"]
[Site "Moscow"]
[Date "2020.02.23"]
[Round "5"]
[White "Karthikeyan, Murali"]
[Black "Visakh, NR."]
[Result "1/2-1/2"]
[WhiteElo "2602"]
[BlackElo "2518"]
[PlyCount "68"]
[EventDate "2020.02.19"]
[EventType "swiss"]
[EventRounds "9"]
[EventCountry "RUS"]
[SourceTitle "CBM 195"]
[Source "ChessBase"]
[SourceDate "2020.04.30"]
[SourceVersion "1"]
[SourceVersionDate "2020.04.30"]
[SourceQuality "1"]

1. e4 c5 2. Nf3 d6 3. d4 cxd4 4. Nxd4 Nf6 5. Nc3 a6 6. Be3 e5 7. Nf3 Be7 8. Nd2
Ng4 9. Nc4 Nxe3 10. Nxe3 O-O 11. Ncd5 Be6 12. Be2 Nd7 13. O-O Rc8 14. c3 Bg5
15. Nf5 Bxf5 16. exf5 Re8 17. Qb3 Nc5 18. Qc2 e4 19. Rad1 Re5 20. Rd4 g6 21.
fxg6 hxg6 22. Rfd1 f5 23. Ne3 Bxe3 24. fxe3 Qg5 25. Qd2 Rd8 26. Rxd6 Rxd6 27.
Qxd6 Qxe3+ 28. Kh1 Nd3 29. Qxg6+ Kh8 30. Qf6+ Kh7 31. Bxd3 exd3 32. h3 Qg3 33.
Qf7+ Kh6 34. Qf6+ Kh7 1/2-1/2

[Event "Moscow Aeroflot op-A"]
[Site "Moscow"]
[Date "2020.02.23"]
[Round "5"]
[White "Kovalev, Vladislav"]
[Black "Moroni, Luca Jr"]
[Result "1/2-1/2"]
[WhiteElo "2650"]
[BlackElo "2536"]
[PlyCount "58"]
[EventDate "2020.02.19"]
[EventType "swiss"]
[EventRounds "9"]
[EventCountry "RUS"]
[SourceTitle "CBM 195"]
[Source "ChessBase"]
[SourceDate "2020.04.30"]
[SourceVersion "1"]
[SourceVersionDate "2020.04.30"]
[SourceQuality "1"]

1. e4 e5 2. Nf3 Nc6 3. Bb5 a6 4. Ba4 Nf6 5. O-O b5 6. Bb3 Bc5 7. c3 d6 8. a4
Rb8 9. d4 Bb6 10. axb5 axb5 11. Na3 O-O 12. Nxb5 Bg4 13. Bc2 Bxf3 14. gxf3 Nh5
15. f4 Nxf4 16. Bxf4 exf4 17. Qg4 Qf6 18. Kh1 Ne7 19. Na3 c5 20. e5 dxe5 21.
dxe5 Qxe5 22. Rad1 Rbd8 23. Nc4 Qf6 24. Qf3 Bc7 25. Rfe1 Ng6 26. Be4 Rxd1 27.
Rxd1 Qe7 28. Bxg6 hxg6 29. Kg2 Qg5+ 1/2-1/2

[Event "Moscow Aeroflot op-A"]
[Site "Moscow"]
[Date "2020.02.23"]
[Round "5"]
[White "Kozak, Adam"]
[Black "Nikitenko, Mihail"]
[Result "1/2-1/2"]
[WhiteElo "2523"]
[BlackElo "2440"]
[PlyCount "85"]
[EventDate "2020.02.19"]
[EventType "swiss"]
[EventRounds "9"]
[EventCountry "RUS"]
[SourceTitle "CBM 195"]
[Source "ChessBase"]
[SourceDate "2020.04.30"]
[SourceVersion "1"]
[SourceVersionDate "2020.04.30"]
[SourceQuality "1"]

1. d4 d5 2. c4 c6 3. Nf3 Nf6 4. g3 Bf5 5. Nc3 e6 6. Nh4 Bg4 7. h3 Bh5 8. g4 Bg6
9. Qb3 Qb6 10. Nxg6 hxg6 11. Bg2 Nbd7 12. e3 Qc7 13. cxd5 exd5 14. Qc2 Bd6 15.
Bd2 Nb6 16. b3 Qe7 17. Qd3 Nbd7 18. O-O-O Bb4 19. Kb1 Bxc3 20. Bxc3 a5 21. f3
a4 22. e4 O-O 23. e5 Ne8 24. b4 a3 25. f4 Nb6 26. Rdf1 Nc7 27. f5 Nb5 28. Ka1
Nxc3 29. Qxc3 Ra4 30. Rb1 gxf5 31. gxf5 Qg5 32. Bf1 Qxf5 33. Bd3 Qf2 34. Bc2
Raa8 35. Qd3 Qh4 36. Rhg1 f5 37. exf6 Rxf6 38. Rg4 Qh6 39. Rbg1 Rf7 40. Rg6 Qh4
41. R6g4 Qf6 42. Rg6 Qh4 43. R6g4 1/2-1/2

[Event "Moscow Aeroflot op-A"]
[Site "Moscow"]
[Date "2020.02.23"]
[Round "5"]
[White "Lazavik, Denis"]
[Black "Lobanov, Sergei"]
[Result "0-1"]
[WhiteElo "2428"]
[BlackElo "2507"]
[PlyCount "154"]
[EventDate "2020.02.19"]
[EventType "swiss"]
[EventRounds "9"]
[EventCountry "RUS"]
[SourceTitle "CBM 195"]
[Source "ChessBase"]
[SourceDate "2020.04.30"]
[SourceVersion "1"]
[SourceVersionDate "2020.04.30"]
[SourceQuality "1"]

1. d4 Nf6 2. c4 g6 3. g3 Bg7 4. Bg2 O-O 5. Nc3 Nc6 6. Nf3 d5 7. cxd5 Nxd5 8.
O-O Nb6 9. e3 Re8 10. Re1 a5 11. Qe2 Be6 12. Nd2 Nb4 13. Rd1 c6 14. a3 N4d5 15.
Nce4 Qc8 16. Ng5 Bg4 17. f3 Bd7 18. f4 c5 19. dxc5 Bg4 20. Ngf3 Qxc5 21. Ne4
Qc8 22. Nf2 e5 23. fxe5 Bxe5 24. e4 Bg7 25. Qb5 Bd7 26. Qd3 Nc7 27. Be3 Bb5 28.
Qc2 Ncd5 29. Qxc8 Raxc8 30. Bd4 Bxd4 31. Nxd4 Nc7 32. Rac1 Bd7 33. e5 Ncd5 34.
Rxc8 Bxc8 35. Re1 Kg7 36. Nd3 Nc7 37. Nb3 Bf5 38. Nf4 a4 39. Na5 Nd7 40. e6
Nxe6 41. Nxb7 Rb8 42. Nxe6+ Bxe6 43. Bc6 Kf6 44. Bxd7 Bxd7 45. Nc5 Bc6 46. Re2
g5 47. Rd2 Ke5 48. Nd3+ Ke4 49. Nb4 Bb5 50. Kf2 Rb7 51. Rd5 f5 52. Rc5 h6 53.
h3 f4 54. gxf4 gxf4 55. Rh5 Bc4 56. Rc5 Bb3 57. Rc8 Rd7 58. Re8+ Kf5 59. Rf8+
Kg5 60. Nc6 Rd2+ 61. Ke1 Rh2 62. Nd4 Rxh3 63. Nxb3 Rxb3 64. Ra8 Rxb2 65. Rxa4
Kg4 66. Rb4 Ra2 67. Rb3 h5 68. Kf1 h4 69. Rb8 h3 70. Kg1 h2+ 71. Kh1 f3 72.
Rg8+ Kf4 73. Rf8+ Ke3 74. Re8+ Kd3 75. Rd8+ Ke2 76. Kxh2 Ke1+ 77. Kg3 f2 0-1

[Event "Moscow Aeroflot op-A"]
[Site "Moscow"]
[Date "2020.02.23"]
[Round "5"]
[White "Maghsoodloo, Parham"]
[Black "Kunin, Vitaly L"]
[Result "1-0"]
[WhiteElo "2674"]
[BlackElo "2550"]
[PlyCount "85"]
[EventDate "2020.02.19"]
[EventType "swiss"]
[EventRounds "9"]
[EventCountry "RUS"]
[SourceTitle "CBM 195"]
[Source "ChessBase"]
[SourceDate "2020.04.30"]
[SourceVersion "1"]
[SourceVersionDate "2020.04.30"]
[SourceQuality "1"]

1. e4 c5 2. Nc3 d6 3. Nf3 Nf6 4. d4 cxd4 5. Nxd4 Bd7 6. Bg5 e6 7. Ndb5 Bxb5 8.
Bxb5+ Nc6 9. Qf3 Be7 10. e5 Nd5 11. Bxe7 Qxe7 12. Qg3 dxe5 13. Qxg7 Qf6 14. Qg3
O-O-O 15. Bxc6 bxc6 16. Qd3 Nb4 17. Qe2 Qg6 18. O-O Nxc2 19. Ne4 Nd4 20. Qa6+
Kd7 21. f3 Rhg8 22. Rf2 Nxf3+ 23. Kh1 Qxe4 24. Rxf3 Ke8 25. Qxa7 Rg7 26. Rg1
Rd7 27. Qa3 f5 28. h3 Kf7 29. Re3 Qd4 30. Rc3 Ra7 31. Qb3 Qd5 32. Qb8 Rxa2 33.
Rb3 h6 34. h4 Kg6 35. Qe8+ Kh7 36. Rb8 Qd7 37. Qh8+ Kg6 38. g4 Ra4 39. b4 Qd5+
40. Rg2 Raa7 41. g5 Rh7 42. Qf6+ Kh5 43. gxh6 1-0

[Event "Moscow Aeroflot op-A"]
[Site "Moscow"]
[Date "2020.02.23"]
[Round "5"]
[White "Mamedov, Rauf"]
[Black "Bharath, Subramaniyam H"]
[Result "1-0"]
[WhiteElo "2643"]
[BlackElo "2402"]
[PlyCount "97"]
[EventDate "2020.02.19"]
[EventType "swiss"]
[EventRounds "9"]
[EventCountry "RUS"]
[SourceTitle "CBM 195"]
[Source "ChessBase"]
[SourceDate "2020.04.30"]
[SourceVersion "1"]
[SourceVersionDate "2020.04.30"]
[SourceQuality "1"]

1. e4 c5 2. Nf3 e6 3. c3 d5 4. exd5 Qxd5 5. d4 Nf6 6. Na3 Nc6 7. Nb5 Qd8 8.
dxc5 Bxc5 9. Qxd8+ Kxd8 10. b4 Bb6 11. Nd6 Ke7 12. Nc4 Bc7 13. b5 Na5 14. Ba3+
Ke8 15. Nd6+ Bxd6 16. Bxd6 b6 17. Bb4 Bb7 18. Ne5 Rc8 19. c4 Ne4 20. f3 Nc5 21.
Be2 f6 22. Ng4 Kf7 23. Kf2 Ba8 24. Rhd1 Nab7 25. Rd2 Rhd8 26. Rad1 Ke7 27. Rd3
Nd6 28. Ra3 Rd7 29. Ne3 Rcc7 30. Nc2 e5 31. Na1 Ke6 32. Nb3 Nxb3 33. axb3 e4
34. Ra2 exf3 35. gxf3 Nf5 36. Rxd7 Rxd7 37. c5 Bd5 38. c6 Rc7 39. Bc4 Bxc4 40.
bxc4 h5 41. Re2+ Kf7 42. Rd2 Ke8 43. Rd1 a6 44. bxa6 Rxc6 45. a7 Rc8 46. c5 b5
47. Ba5 Ke7 48. Rd8 Rxd8 49. Bxd8+ 1-0

[Event "Moscow Aeroflot op-A"]
[Site "Moscow"]
[Date "2020.02.23"]
[Round "5"]
[White "Mendonca, Leon Luke"]
[Black "Cordova, Emilio"]
[Result "0-1"]
[WhiteElo "2418"]
[BlackElo "2593"]
[PlyCount "88"]
[EventDate "2020.02.19"]
[EventType "swiss"]
[EventRounds "9"]
[EventCountry "RUS"]
[SourceTitle "CBM 195"]
[Source "ChessBase"]
[SourceDate "2020.04.30"]
[SourceVersion "1"]
[SourceVersionDate "2020.04.30"]
[SourceQuality "1"]

1. d4 Nf6 2. c4 c5 3. d5 b5 4. Qc2 bxc4 5. e4 e6 6. Bxc4 exd5 7. exd5 d6 8. Nc3
Be7 9. Nge2 O-O 10. O-O Nbd7 11. Ng3 Nb6 12. b3 Nxc4 13. bxc4 Re8 14. Rb1 Bf8
15. Bf4 h6 16. Qa4 Ng4 17. h3 Ne5 18. Rfe1 Bxh3 19. Bxe5 Bd7 20. Qa6 dxe5 21.
Nb5 Qc8 22. Qxc8 Rexc8 23. Rxe5 Rab8 24. Re3 a6 25. Na3 Rb4 26. Ne4 f5 27. Nd2
Bd6 28. Nf3 f4 29. Rc3 Bf5 30. Re1 Rb2 31. Rb3 Rxb3 32. axb3 Rb8 33. Nd2 Bc7
34. Nab1 Ba5 35. Rd1 Bc2 36. Rc1 Bxb1 37. Nxb1 Rxb3 38. Kf1 Bb4 39. Rd1 Kf8 40.
Nd2 Rd3 41. Ke2 Rxd2+ 42. Rxd2 f3+ 43. gxf3 Bxd2 44. Kxd2 a5 0-1

[Event "Moscow Aeroflot op-A"]
[Site "Moscow"]
[Date "2020.02.23"]
[Round "5"]
[White "Murzin, Volodar"]
[Black "Salgado Lopez, Ivan"]
[Result "1-0"]
[WhiteElo "2442"]
[BlackElo "2597"]
[PlyCount "85"]
[EventDate "2020.02.19"]
[EventType "swiss"]
[EventRounds "9"]
[EventCountry "RUS"]
[SourceTitle "CBM 195"]
[Source "ChessBase"]
[SourceDate "2020.04.30"]
[SourceVersion "1"]
[SourceVersionDate "2020.04.30"]
[SourceQuality "1"]

1. d4 g6 2. Nf3 Bg7 3. e4 c6 4. Bd3 d6 5. Nbd2 Nf6 6. O-O O-O 7. Re1 Qc7 8. a4
b6 9. Qe2 a6 10. Nc4 d5 11. exd5 Nxd5 12. a5 b5 13. Nb6 Ra7 14. Bg5 e6 15. Qe4
Nd7 16. Nxd5 cxd5 17. Qh4 Re8 18. Re2 f6 19. Bf4 Qd8 20. Qg3 Nf8 21. h4 Kh8 22.
Qh2 Kg8 23. Qg3 Kh8 24. Ra3 Rd7 25. b4 Bb7 26. Ra1 Qe7 27. c3 Qf7 28. Rae1 Rc8
29. Bd2 Rdd8 30. Qh3 Re8 31. g4 h5 32. gxh5 gxh5 33. Nh2 e5 34. Bf5 Ng6 35. Nf1
Ne7 36. Ng3 Rcd8 37. dxe5 fxe5 38. Be6 Qg6 39. Rxe5 Bxe5 40. Rxe5 Qb1+ 41. Kh2
Ng6 42. Rxh5+ Kg7 43. Bh6+ 1-0

[Event "Moscow Aeroflot op-A"]
[Site "Moscow"]
[Date "2020.02.23"]
[Round "5"]
[White "Nesterov, Arseniy"]
[Black "Jobava, Baadur"]
[Result "1-0"]
[WhiteElo "2501"]
[BlackElo "2620"]
[PlyCount "87"]
[EventDate "2020.02.19"]
[EventType "swiss"]
[EventRounds "9"]
[EventCountry "RUS"]
[SourceTitle "CBM 195"]
[Source "ChessBase"]
[SourceDate "2020.04.30"]
[SourceVersion "1"]
[SourceVersionDate "2020.04.30"]
[SourceQuality "1"]

1. d4 d5 2. c4 c6 3. Nf3 Nf6 4. Nc3 dxc4 5. a4 Bf5 6. Ne5 Nbd7 7. Nxc4 Qc7 8.
g3 Rd8 9. Bf4 Qc8 10. Bg2 Be6 11. Nd2 Nb6 12. a5 Nbd5 13. Bg5 Nc7 14. Qa4 Bh3
15. O-O Bxg2 16. Kxg2 Nfd5 17. e4 h6 18. Be3 Nxe3+ 19. fxe3 e5 20. Qc4 Ne6 21.
d5 Ng5 22. Nf3 cxd5 23. Qa4+ Qd7 24. Nb5 Be7 25. Nc7+ Kf8 26. Qxd7 Rxd7 27.
Nxg5 hxg5 28. Rac1 dxe4 29. Ne6+ Kg8 30. Rc8+ Kh7 31. Rxh8+ Kxh8 32. Rxf7 g4
33. Kf1 g6 34. Ke2 a6 35. Rg7 g5 36. b3 Rc7 37. Rf7 Kg8 38. Rg7+ Kh8 39. Kd1
Rd7+ 40. Kc2 Rc7+ 41. Kb1 Rd7 42. b4 Rc7 43. Kb2 Rd7 44. Kc2 1-0

[Event "Moscow Aeroflot op-A"]
[Site "Moscow"]
[Date "2020.02.23"]
[Round "5"]
[White "Paravyan, David"]
[Black "Yilmaz, Mustafa"]
[Result "1/2-1/2"]
[WhiteElo "2629"]
[BlackElo "2607"]
[PlyCount "35"]
[EventDate "2020.02.19"]
[EventType "swiss"]
[EventRounds "9"]
[EventCountry "RUS"]
[SourceTitle "CBM 195"]
[Source "ChessBase"]
[SourceDate "2020.04.30"]
[SourceVersion "1"]
[SourceVersionDate "2020.04.30"]
[SourceQuality "1"]

1. e4 c5 2. Nf3 d6 3. d4 cxd4 4. Nxd4 Nf6 5. Nc3 a6 6. Nb3 e6 7. g4 b5 8. a3
Bb7 9. Qe2 Nc6 10. Bf4 Rc8 11. Bg2 Nd7 12. O-O-O Nce5 13. Kb1 Nc4 14. g5 e5 15.
Bd2 Ndb6 16. Bh3 Rc7 17. Rhg1 Be7 18. Rg3 1/2-1/2